000 00444nam a22001691a 4500
001 5282
003 OSt
005 20260204212009.0
008 051212s1999||||dr ||||||b||||||||||spa||
050 _aRD 900 E13m
100 _aEncarnación, Ramón E.
245 _aMaquiavelo, Fouche y Balaguer / Ramón E. Encarnación
264 _aSanto Domingo : Wilmer
300 _a190 p
650 _a1.Historia Política 2.DictadoresÌ
942 _2ddc
_cBK
999 _c5282
_d5282